Online
Catalog

El cazador : (Record no. 18342)

MARC details
000 -CABECERA
campo de control de longitud fija 00686nam a2200193 a 4500
001 - NÚMERO DE CONTROL
campo de control 000018822
005 - FECHA Y HORA DE LA ÚLTIMA TRANSACCIÓN
campo de control 20200929165849.0
008 - DATOS DE LONGITUD FIJA--INFORMACIÓN GENERAL
campo de control de longitud fija 100519s1986 cu ac r 000 0 spa d
040 ## - FUENTE DE LA CATALOGACIÓN
Centro catalogador/agencia de origen DO-SdBNP
Lengua de catalogación spa
Centro/agencia transcriptor BNPHU
082 ## - NÚMERO DE LA CLASIFICACIÓN DECIMAL DEWEY
Número de clasificación 861.44
Número de documento/Ítem L953c
049 ## - FONDOS LOCALES (OCLC)
Fondos de biblioteca BNGR
100 1# - ENTRADA PRINCIPAL--NOMBRE DE PERSONA
Nombre de persona Luis, Raúl,
Fechas asociadas al nombre 1934-
9 (RLIN) 40578
245 13 - MENCIÓN DE TÍTULO
Título El cazador :
Resto del título con un testimonio de Pepilla Naranjo recogido por Rafael Alcides Pérez y una noveleta de Chanito Isidrón /
Mención de responsabilidad, etc. Raúl Luis ; edición Eliana Dávila.
260 ## - PUBLICACIÓN, DISTRIBUCIÓN, ETC.
Lugar de publicación, distribución, etc. La Habana :
Nombre del editor, distribuidor, etc. Letras Cubanas,
Fecha de publicación, distribución, etc. 1986.
300 ## - DESCRIPCIÓN FÍSICA
Extensión 364,[5] p. :
Otras características físicas il. ;
Dimensiones 18 cm.
650 #4 - PUNTO DE ACCESO ADICIONAL DE MATERIA--TÉRMINO DE MATERIA
Término de materia o nombre geográfico como elemento de entrada Poesía cubana
9 (RLIN) 5226
650 #4 - PUNTO DE ACCESO ADICIONAL DE MATERIA--TÉRMINO DE MATERIA
Término de materia o nombre geográfico como elemento de entrada Literatura cubana
9 (RLIN) 1483
700 1# - PUNTO DE ACCESO ADICIONAL--NOMBRE DE PERSONA
Nombre de persona Dávila, Eliana,
Término indicativo de función/relación ed.
9 (RLIN) 11227
Holdings
Estado de retiro Estado de pérdida Restricciones de uso No para préstamo Código de colección Localización permanente Ubicación/localización actual Ubicación en estantería Fecha de adquisición Número de inventario Total de préstamos Signatura topográfica completa Código de barras Fecha visto por última vez Precio válido a partir de Tipo de ítem Koha Número de copia
      Excluido de préstamo Monografías: Libros y Folletos General General Depósito 19.05.2010 LF1   861.44 L953c 18822-10 25.06.2020 25.06.2020 No se presta  
  Extraviado   Excluido de préstamo Monografías: Libros y Folletos General General Extraviado 24.04.2017 LF1   861.44 L953c 18822-20 25.06.2020 25.06.2020 No se presta e. 2

Powered by Koha